Resumen legislativo correspondientes a las disposiciones de carácter general promulgadas en el mes de julio de 1930 / (Record no. 126722)

MARC details
000 -LEADER
campo de control de longitud fija 00589nam a2200157 4500
001 - NÚMERO DE CONTROL
campo de control 126722
003 - IDENTIFICADOR DE NÚMERO DE CONTROL
campo de control ES-MaACL
005 - FECHA Y HORA DE LA ÚLTIMA TRANSACCIÓN
campo de control 20230906192852.0
007 - CAMPO FIJO DE DESCRIPCIÓN FÍSICA--INFORMACIÓN GENERAL
campo de control de longitud fija t|
008 - DATOS DE LONGITUD FIJA--INFORMACIÓN GENERAL
campo de control de longitud fija 070214s1930 sp r ||||1| spa d
245 00 - MENCIÓN DEL TÍTULO
Título Resumen legislativo correspondientes a las disposiciones de carácter general promulgadas en el mes de julio de 1930 /
Mención de responsabilidad, etc. recopiladas y clasificadas bajo la dirección de Andrés Mancebo Fernández.
260 ## - PUBLICACIÓN, DISTRIBUCIÓN, ETC.
Lugar de publicación, distribución, etc. Madrid :
Nombre del editor, distribuidor, etc. [s. n.],
Fecha de publicación, distribución, etc. 1930 (
Fabricante Imp. Galo Saez)
300 ## - DESCRIPCIÓN FÍSICA
Extensión 351 p. ;
Dimensiones 25 cm.
700 1# - ENTRADA AGREGADA--NOMBRE PERSONAL
Nombre de persona Mancebo Fernández, Andrés.
9 (RLIN) 75917
852 ## - LOCALIZACIÓN
Ubicación ES-MaACL
Número de control de estantería D-8753
Holdings
Estatus retirado Estado de pérdida Estado de daño No para préstamo Biblioteca de origen Biblioteca actual Ubicación en estantería Fecha de adquisición Fuente de adquisición Total de préstamos Signatura topográfica completa Código de barras Visto por última vez Precio de reemplazo Tipo de ítem Koha
        Biblioteca del Ateneo de Madrid Biblioteca del Ateneo de Madrid Sala Valle Inclán 17/01/2008     D-8753 901131993 23/02/2023 23/02/2023 Libro impreso